Countries with the Biggest Military and Paramilitary Personnel - Statistics

General Stats
  • This quiz has been taken 88 times
  • The average score is 35 of 50
Answer Stats
Total Country % Correct
217,100 United Kingdom
98%
4,015,000 China
93%
380,600 France
93%
7,769,000 North Korea
93%
2,101,500 Brazil
90%
359,550 Italy
90%
3,708,000 Russia
90%
1,211,000 Ukraine
90%
2,072,950 United States
90%
1,314,500 Egypt
88%
233,550 Germany
88%
5,137,500 India
88%
6,712,500 South Korea
88%
211,300 Spain
87%
781,800 Turkey
87%
1,000,000 Iran
83%
317,500 Japan
83%
409,400 Mexico
83%
1,075,500 Indonesia
82%
1,495,000 Pakistan
82%
5,522,000 Vietnam
82%
251,500 Saudi Arabia
80%
341,000 Iraq
77%
699,550 Thailand
77%
467,200 Algeria
73%
516,050 Colombia
73%
223,000 Nigeria
73%
336,400 Philippines
72%
1,831,800 Taiwan
72%
642,500 Israel
68%
431,800 Malaysia
67%
368,050 Greece
65%
395,800 Morocco
65%
226,950 Bangladesh
63%
513,000 Myanmar
63%
269,000 Syria
63%
351,000 Venezuela
60%
495,000 Afghanistan
58%
346,000 Peru
57%
444,850 Belarus
53%
263,650 Portugal
45%
1,234,500 Cuba
43%
209,300 Sudan
43%
310,900 Singapore
42%
292,000 Finland
37%
353,100 Sri Lanka
35%
216,000 Switzerland
35%
471,950 Azerbaijan
33%
259,100 Armenia
28%
321,750 Eritrea
25%
No matching quizzes found
Score Distribution
Percent of People with Each Score
Percentile by Number Answered
Your Score History
You have not taken this quiz